01056 2200205 4500001002100000005001500021007000300036008004100039020002200080035002000102082000800122084001400130100003800144245009500182260004200277300004800319520041600367600003400783700003300817INLIS00000000000234220260408095922ta260408 j 1 ind  a978-602-50632-1-3 a0010-0426000020 a823 a823 AMB k0 aAmbhita Dhyaningrum ( Pengarang )1 aKapten janggut api :bSekolah bajak laut /cAmbhita Dhyaningrum; penyunting, Yenni Saputri aJakarta :bPustaka tiga kelana,c2020 a266 hlm :biIus,bergambar,berwarna ;c21 cm aSelamat datang di Sekolah Bajak Laut Kapten Janggut Api! Ayo, ikuti serunya tahun pertama Tommy di kapal Rusty Barnacle, sambil belajar cara berjalan, bicara, dan beraksi seperti bajak laut sungguhan. Mampukah Tommy dan teman-temannya lulus dari ujian bajak laut sejati? Berhasilkah mereka menemukan harta karun misterius yang telah lama hilang? Kalian harus ikuti serunya petualangan mereka untuk mengetahuinya 4aFiksi indonesia - bacaan anak0 aYenni Saputri ( Penyunting )